00478nam a2200145Ia 4500008004100000041000800041082001400049100001800063245004500081260002700126300003100153365000900184999001700193952012200210240624s9999 xx 000 0 und d aeng a658.3 LUC aLUCAS JAMES R aPASSIONATE ORGANIZATION IGNITING THE FIR c1999aNew YorkbAmacom axix, : 236 : p. : cm. ; 23 cb30 c16480d16480 00104070aIMTNbIMTNcRack 23-Bd2011-01-05eBBg26.95o658.3 LUCp16480r2024-06-24 00:00:00t47.4w2024-06-24yBK